00377nam a2200157Ia 450000500170000000800410001704000190005804100120007708200160008910000160010524500330012126000340015430000110018865000100019985000100020920230322111323.0131103s9999 xx 000 0 und d aLoreto College aEnglish a822.91bEVE aEvelyn,John aWalpurgis nightcJohn Evelyn aLondonbThe Favil Pressc1961 a54 p.  aLCLIB aLCLIB